Doing Well by AlicebanD - Lyrics Quiz - Statistics

General Stats
  • This quiz has been taken 2 times
  • The average score is 188 of 326
Answer Stats
Answer % Correct
a
100%
and
100%
but
100%
can
100%
can't
100%
Can’t
100%
doing
100%
feel
100%
four baba
100%
hear
100%
I
100%
I'm
100%
in
100%
is
100%
Is
100%
it's
100%
just
100%
make
100%
me
100%
my
100%
My
100%
no
100%
one Bum
100%
see
100%
so
100%
that
100%
the
100%
this
100%
This
100%
three bum
100%
to
100%
To
100%
try
100%
two bum
100%
well
100%
when
100%
where
100%
win
100%
you
100%
you're
100%
because
50%
breathe
50%
cause
50%
don't
50%
down
50%
engine
50%
get
50%
here
50%
kick
50%
know
50%
man
50%
not
50%
only
50%
or
50%
really
50%
Really
50%
reason
50%
she's
50%
think
50%
toe
50%
too
50%
up bum
50%
without
50%
anything
0%
believe
0%
Believe
0%
bells
0%
blank
0%
chest
0%
cigarettes
0%
coasting
0%
complicated
0%
Complicated
0%
dreaming
0%
eat
0%
find
0%
Find
0%
floating
0%
getting
0%
Getting
0%
gonna
0%
got
0%
happening
0%
Happening
0%
hard
0%
Hard
0%
help
0%
instigating
0%
lately
0%
life
0%
life's
0%
Life’s
0%
like
0%
losing
0%
much
0%
nothing
0%
objectify
0%
Objectify
0%
obliterated
0%
often
0%
one's
0%
overrated
0%
part
0%
playing
0%
pointy
0%
probably
0%
scheming
0%
seem
0%
Seem
0%
sleep
0%
smell
0%
smoke
0%
stand Ooo | da
0%
stopped
0%
sure
0%
things
0%
tip
0%
trying
0%
wanna
0%
wedding
0%
you'll
0%
No matching quizzes found
Score Distribution
Percent of People with Each Score
Percentile by Number Answered
Your Score History
You have not taken this quiz